Pays les plus proches de Slovenie - 1 minute de sprint - Statistiques

Statistiques générales
  • Ce quiz a été pris 166 fois
  • Le résultat moyen est 15 sur 20
Statistiques - réponses
km pays % Correct
0 Croatie
92%
0 Autriche
88%
0 Italie
88%
0 Hongrie
86%
118 Allemagne
84%
142 Slovaquie
83%
224 Suisse
83%
45 Bosnie-Herzégovine
82%
463 France
79%
185 Serbie
78%
467 Albanie
74%
217 Tchèquie
73%
357 Monténégro
70%
478 Kosovo
63%
186 Saint-Marin
63%
345 Pologne
60%
406 Vatican
58%
283 Roumanie
56%
299 Liechtenstein
55%
468 Ukraine
35%
Aucun quiz correspondant
Distribution des résultats
% des personnes avec chaque résultat
Percentile par nombre de réponses
Votre historique - résultats
Vous n’avez pas pris ce quiz